00530nam a2200193Ia 4500008004100000041001200041082001200053100004700065245003700112260004200149300000900191365000800200520001400208546001200222630003700234650001400271655001400285730003700299101110s9999 xx 000 0 und d aENGLISH bSR34837 aPuri B.R.; Sharma L.R. & Pathania Madan S. aPrinciples of physical chemistry c2010bVishal publishing co.,Jalandhar a1312 b499 aChemistry aENGLISH aPrinciples of physical chemistry aChemistry aChemistry aPrinciples of physical chemistry